Star Warriors : The weaponry of space: Reagan's young scientists

Gespeichert in:
Bibliographische Detailangaben
1. Verfasser: Broad, William J.
Format: Buch
Sprache:Undetermined
Veröffentlicht: London Faber and Faber 1985
Schlagworte:
Tags: Tag hinzufügen
Keine Tags, Fügen Sie den ersten Tag hinzu!
Thư viện lưu trữ: Trung tâm Học liệu Trường Đại học Cần Thơ
LEADER 00562nam a2200205Ia 4500
001 CTU_82572
008 210402s9999 xx 000 0 und d
082 |a 358.8 
082 |b B863 
100 |a Broad, William J. 
245 0 |a Star Warriors : 
245 4 |b The weaponry of space: Reagan's young scientists 
245 0 |c William J. Broad 
260 |a London 
260 |b Faber and Faber 
260 |c 1985 
650 |a Military research 
650 |z United States 
904 |i QHieu(sửa) 
980 |a Trung tâm Học liệu Trường Đại học Cần Thơ